000 00901nam a2200265Ia 4500
003 OSt
005 20221005111229.0
006 a|||||r|||| 00| 0
007 ta
008 221004b |||||||| |||| 00| 0 hin d
020 _a8181435311 (hbk)
_c150
024 _a97419
037 _b572, 23/03/2009, Vani Prakashan
_cTextual
040 _aCRL
_cCRL
_bhin
041 _2hin
_ahin
082 _aO152,3N387x, P6
100 _aनिदा फ़ाज़ली
245 0 _aतमाशा मेरे आगे
246 _aTamāshā mere āge
260 _aनई दिल्ली
_bवाणी प्रकाशन भारत
_c2006
300 _a144पृ0
_ccm.
650 _aहिन्दी साहित्य
942 _hO152,3N387x, P6
_cTEXL
_2cc
999 _c1021210
_d1021210